Marco para la buena enseñanza

Na minha lista:
Detalhes bibliográficos
Formato: Livro
Idioma:espanhol
Publicado em: Santiago Ministerio de Educación 2003
Santiago CPEIP 2003
Colecção:Educación Nuestra Riqueza
Assuntos:
Tags: Adicionar Tag
Sem tags, seja o primeiro a adicionar uma tag!

MARC

LEADER 00000nam a2200000 a 4500
001 UCL4959
003 CL-VaPUC
008 040227e20030000cl |||||||||||||||||spa|d
082 0 4 |a 371.11  |b MAR  |2 21 
245 1 0 |a Marco para la buena enseñanza 
300 |a 44 p 
942 |c BK 
945 |d 20040227 00:00:00  |a cmena 
260 |a Santiago  |b Ministerio de Educación  |c 2003 
260 |a Santiago  |b CPEIP  |c 2003 
650 0 |a Rol del docente  |9 329733 
650 0 |a Evaluación docente  |9 382859 
650 0 |a Métodos de enseñanza  |9 270413 
583 |a last modification  |c 20171123 01:31:32  |k Rodrigo Vera 
490 0 |a Educación Nuestra Riqueza 
999 |c 307706  |d 307704 
952 |0 0  |1 0  |4 0  |6 371_110000000000000_MAR_2003_2003  |7 0  |8 R  |9 373778  |a BIBEDU  |b BIBEDU  |d 2019-11-21  |i 3987000  |o 371.11 MAR 2003 2003  |p 3987000  |r 2019-11-21  |w 2019-11-21  |y BK_R  |k EPE 
952 |0 0  |1 0  |4 0  |6 371_110000000000000_MAR_2003_2003  |7 0  |8 R  |9 373779  |a BIBEDU  |b BIBEDU  |d 2019-11-21  |i 3987019  |o 371.11 MAR 2003 2003  |p 3987019  |r 2019-11-21  |w 2019-11-21  |y BK_R  |k EPE 
952 |0 0  |1 0  |4 0  |6 371_110000000000000_MAR_2003_2003  |7 0  |8 R  |9 373780  |a BIBEDU  |b BIBEDU  |d 2019-11-21  |i 4166876  |o 371.11 MAR 2003 2003  |p 4166876  |r 2019-11-21  |w 2019-11-21  |y BK_R  |k LIT 
952 |0 0  |1 0  |4 0  |6 371_110000000000000_MAR_2003_2003  |7 0  |8 R  |9 373781  |a BIBEDU  |b BIBEDU  |d 2019-11-21  |i 4304977  |o 371.11 MAR 2003 2003  |p 4304977  |r 2019-11-21  |w 2019-11-21  |y BK_R  |k EBA 
952 |0 0  |1 0  |4 0  |6 371_110000000000000_MAR_2003_2003  |7 0  |8 R  |9 373782  |a BIBEDU  |b BIBEDU  |d 2019-11-21  |i 4304985  |o 371.11 MAR 2003 2003  |p 4304985  |r 2019-11-21  |w 2019-11-21  |y BK_R  |k EBA 
952 |0 0  |1 0  |4 0  |6 371_110000000000000_MAR_2003_2003  |7 0  |8 R  |9 373783  |a BIBEDU  |b BIBEDU  |d 2019-11-21  |i 4304993  |o 371.11 MAR 2003 2003  |p 4304993  |r 2019-11-21  |w 2019-11-21  |y BK_R  |k EBA 
952 |0 0  |1 0  |4 0  |6 371_110000000000000_MAR_2003_2003  |7 0  |8 R  |9 373784  |a BIBEDU  |b BIBEDU  |d 2019-11-21  |i 4305000  |o 371.11 MAR 2003 2003  |p 4305000  |r 2019-11-21  |w 2019-11-21  |y BK_R  |k EBA 
952 |0 0  |1 0  |4 0  |6 371_110000000000000_MAR_2003_2003  |7 0  |8 R  |9 373785  |a BIBEDU  |b BIBEDU  |d 2019-11-21  |i 4305019  |o 371.11 MAR 2003 2003  |p 4305019  |r 2019-11-21  |w 2019-11-21  |y BK_R  |k EBA 
952 |0 0  |1 0  |4 0  |6 371_110000000000000_MAR_2003_2003  |7 0  |8 R  |9 373786  |a BIBEDU  |b BIBEDU  |d 2019-11-21  |i 4305027  |o 371.11 MAR 2003 2003  |p 4305027  |r 2019-11-21  |w 2019-11-21  |y BK_R  |k EBA 
952 |0 0  |1 0  |4 0  |6 371_110000000000000_MAR_2003_2003  |7 0  |8 R  |9 373787  |a BIBEDU  |b BIBEDU  |d 2019-11-21  |i 4305035  |l 1  |o 371.11 MAR 2003 2003  |p 4305035  |r 2022-03-23  |s 2022-03-23  |w 2019-11-21  |y BK_R  |k EBA 
952 |0 0  |1 0  |4 0  |6 371_110000000000000_MAR_2003_2003  |7 0  |8 R  |9 373788  |a BIBEDU  |b BIBEDU  |d 2019-11-21  |i 4305043  |o 371.11 MAR 2003 2003  |p 4305043  |r 2019-11-21  |w 2019-11-21  |y BK_R  |k EBA